000 00432nam a2200181Ia 4500
005 20250603145026.0
008 250603s9999 xx 000 0 und d
020 _a0534375286
050 _aQH 541 .K75/
100 _aKrohne, David T.
245 0 _aGeneral ecology
260 _aPacific Grove, CA :
260 _bBrooks/Cole,
260 _c2001.
300 _a512 p
650 _aPacific Grove, CA :
942 _cBK
999 _c40652
_d40652